La carta robada /

Edgar Allan Poe (1809-1849) fue el creador del relato policial y del relato de horror. Fue además el fundador del cuento corto. "La carta robada" es una fina muestra de las dotes deductivas de su detective aficionado, Dupin.

Guardado en:
Autor Principal: Poe, Edgar Allan.
Otros Autores: Noé, Ignacio; il., Aulicino, Jorge; adapt.
Formato: Libro
Idioma:Undetermined
Publicado: Barcelona : Arte Gráfico, 2000.
Series:Grandes clásicos - Genios ; 35
Materias:
Etiquetas: Agregar Etiqueta
Sin Etiquetas, Sea el primero en etiquetar este registro!
LEADER 00937nam a22002175a 4500
001 CEM.cems021053
008 240422s2000####sp############000#0#und#d
005 20240422152152.0
245 1 0 |a La carta robada /  |c Edgar Allan Poe ; ilustrado por Ignacio Noé; adaptado por Jorge Aulicino. 
260 |a Barcelona :  |b Arte Gráfico,  |c 2000. 
300 |a 46 p. 
490 1 |a Grandes clásicos - Genios ;  |v 35 
520 |a Edgar Allan Poe (1809-1849) fue el creador del relato policial y del relato de horror. Fue además el fundador del cuento corto. "La carta robada" es una fina muestra de las dotes deductivas de su detective aficionado, Dupin. 
020 |a 9507820949 
100 1 |a Poe, Edgar Allan. 
700 1 |a Noé, Ignacio; il. 
700 1 |a Aulicino, Jorge; adapt. 
653 |a Novela juvenil 
653 |a Literatura juvenil 
653 |a Literatura estadounidense 
859 |a CEMS  |b BIB. CEMS - Inicial y Primaria  |h 818.3  |i P752-2  |k IP  |p 6549  |t Ej.1